| 000 | 00544nam a2200169 4500 | ||
|---|---|---|---|
| 001 | 117273 | ||
| 003 | ES-MaACL | ||
| 005 | 20230906190850.0 | ||
| 007 | t| | ||
| 008 | 071121s1973 cl r ||||1| spa d | ||
| 100 | 1 |
_aPeña Wasaff, Silvia. _990284 |
|
| 245 | 1 | 0 |
_aModificaciones de la ley chilena de condena condicional / _cSilvia Peña Wasaff. |
| 260 |
_aValparaíso : _b[s.n.], _c1973. |
||
| 300 |
_a4 h. ; _c21 cm. |
||
| 500 | _aEs tirada aparte de `Revista de Ciencias Jurídicas` 1973, nº 4. | ||
| 852 |
_aES-MaACL _j2101-F-13 _bR.94863 |
||
| 999 |
_c117273 _d117273 |
||